L'art d'orner l'espirit en l'amusant, ou nouve au choix de traits vifs, faillans et legers soit en vers,...

Detalles Bibliográficos
Autor principal: GAYOT De PITAVAL
Formato: Libro
Publicado: París 1732
Materias:
Colección:Banco de datos
Acervo:Biblioteca del Convento de San Pablo. Yuririahupándaro. Guanajuato
Descripción Física:1a. parte
Tema general:Literatura
Notas:Buena. No identificada 9. 3C2, 37.
LEADER 00729nam a22002050004500
035 |a 37023 
036 |a 2664 
100 1 |a GAYOT De PITAVAL 
245 1 0 |a L'art d'orner l'espirit en l'amusant, ou nouve au choix de traits vifs, faillans et legers soit en vers,... 
260 |a París  |b Briasson imp.  |c 1732 
300 |a 1a. parte 
500 |a Buena. No identificada 9. 3C2, 37. 
650 1 0 |a Literatura 
949 |a CRG-CY 
959 |a Ex convento de San Pablo, Museo Regional de Yuririahpúndaro, Guanajuato  |b CCC9 
960 |a Convento San Pablo Yuririahpúndaro, Guanajuato  |b DD86 
961 |a Agustina  |b OA 
942 |c CRG-CY 
943 |g Biblioteca del Convento de San Pablo. Yuririahupándaro. Guanajuato 
999 |c 957689  |d 957689